| 000 | 00434nam a2200157Ia 4500 | ||
|---|---|---|---|
| 008 | 230312s9999||||xx |||||||||||||| ||und|| | ||
| 020 | _a007471420-1 | ||
| 082 |
_a658.4 _bMAT-S |
||
| 100 | _aMathews Pamela | ||
| 245 | 0 | _aStuydy Guide to accompany Management | |
| 260 |
_bMcGraw Hill _aNew York _c2005 |
||
| 300 | _a230 | ||
| 546 | _aEng. | ||
| 650 |
_aManagement _vchallenge of management , Pioneering ideas in management |
||
| 942 | _cBK | ||
| 999 |
_c624 _d624 |
||